000 00642nam a2200181 4500
008 160408b xxu||||| |||| 00| 0 eng d
020 _a9780736073837
082 _22009
_aDC 796.323077
_bM66
100 _95011
_aMiniscalco, Keith
245 _aSurvival guide for coaching youth basketball/
_cKeith Miniscalco and Greg Kot
260 _aChampaign, IL:
_bHuman Kinetics,
_cc2009.
300 _axiii, 169 pages:
_billustrations;
_c26 cm.
650 0 _95014
_aBasketball for children
_xCoaching
650 0 _95015
_aBasketball for children
_xTraining
700 _95017
_aKot, Greg
_eAuthor
365 _b2, 250.00
_cPhp
942 _2ddc
_cDC
999 _c1606
_d1606